Femmes d'Henry VIII - Statistiques

Statistiques générales
  • Ce quiz a été pris 140 fois
  • Le résultat moyen est 5 sur 6
Statistiques - réponses
Indice Nom % Correct
Catherine d' (1485-1536) Aragon
97%
Anne (v1500-1536) Boleyn
93%
Anne de (1515-1557) Cléves
82%
Jeanne (1508-1537) Seymour
78%
Catherine (1512-1548) Parr
70%
Catherine (v1520-1542) Howard
67%
Aucun quiz correspondant
Distribution des résultats
% des personnes avec chaque résultat
Percentile par nombre de réponses
Votre historique - résultats
Vous n’avez pas pris ce quiz